Neu-Altona : Planung zum Aufbau und zur Sanierung eines kriegzerstörten Stadtkerngebietes in der freien und Hansestadt Hamburg /

-д хадгалсан:
Номзүйн дэлгэрэнгүй
Бусад зохиолчид: Dähn, Arthur (dirección) (dirección)
Формат: Ном
Хэл сонгох:German
Хэвлэсэн: Hamburgo, Alemania : Hammonia Verlag, 1958, c1958
Шошгууд: Шошго нэмэх
Шошго байхгүй, Энэхүү баримтыг шошголох эхний хүн болох!

MARC

LEADER 00000nam^a2200000^a^4500
001 000554936
005 20250526000000.0
009 20260310131709.097
037 |a Acervo ITESO - Biblioteca 
041 |a ALE 
091 |a FHA. 00772 
245 0 0 |a Neu-Altona :  |b Planung zum Aufbau und zur Sanierung eines kriegzerstörten Stadtkerngebietes in der freien und Hansestadt Hamburg / 
264 4 |a Hamburgo, Alemania :  |b Hammonia Verlag,  |c 1958, c1958 
300 |a 125 p. ;  |c 30.0 cm. 
336 |a texto  |b txt  |2 rdacontenido 
337 |a sin mediación  |b n  |2 rdamedio 
338 |a volumen  |b nc  |2 rdasoporte 
515 |a Inventario familia Hartung: 1004 
649 |a XX 
700 |a Dähn, Arthur  |e (dirección) 
910 |a Fondo Horst Hartung Franz 
920 |a Impresos - Libros 
930 |a Libros Antiguos y Raros 
905 |a 135 
901 |a 0500331740  |b IT2  |c LRA  |i D  |u 20250526 
902 |a https://opac.biblio.iteso.mx/vufind/Record/000554936